| 000 | 02413 a2200409 4500 | ||
|---|---|---|---|
| 001 | 23834999 | ||
| 003 | 000 | ||
| 005 | 20251017142943.0 | ||
| 008 | 240822s2024 flu b 001 0 eng | ||
| 010 | _a 2024029138 | ||
| 020 | _a9780367772529 | ||
| 035 | _a23834999 | ||
| 040 |
_aDLC _beng _erda _cDLC |
||
| 042 | _apcc | ||
| 050 | 0 | 0 | _aTJ 211.49 .C36 |
| 082 | 0 | 0 |
_a629.8/924019 _223/eng/20240822 |
| 100 | 1 |
_aCarpenter, Julie _q(Julie G.), _d1969- _eauthor. |
|
| 245 | 1 | 4 |
_aThe naked android : _bsynthetic socialness and the human gaze / _cJulie Carpenter. |
| 263 | _a2412 | ||
| 264 | 1 |
_aBoca Raton, FL : _bTaylor and Francis, _c2025. |
|
| 300 | _axvi, 279p. ill. | ||
| 336 |
_atext _btxt _2rdacontent |
||
| 337 |
_aunmediated _bn _2rdamedia |
||
| 338 |
_avolume _bnc _2rdacarrier |
||
| 490 | 0 | _aChapman & Hall/CRC artificial intelligence and robotics | |
| 504 | _aIncludes bibliographical references and index. | ||
| 520 |
_a"The Naked Android: Synthetic Socialness and the Human Gaze illuminates the connection between the stories people tell, their expectations of what a robot is, and how these beliefs and values manifest in how real robots are designed and used. The introduction of the "human gaze" articulates how peoples' expectations and perceptions about robots are ultimately based on deeply personal cultural interpretations of what is artificial or human and what problems social robots should -or should not -solve. "The Naked Android" clarifies how human qualities like understanding and desire are designed into robots as mediums as well as projected onto them by the people who live with them. Using ethnographic methods including in-depth interviews with a variety of stakeholders, each chapter explores how people are designing social robots, the experience of living with robots, and people whose jobs it is to dream about a future integrated with robots"-- _cProvided by publisher. |
||
| 650 | 0 |
_aRobots _xSocial aspects. |
|
| 650 | 0 | _aHuman-robot interaction. | |
| 650 | 0 | _aHuman-machine systems. | |
| 650 | 0 | _aSex dolls | |
| 650 | 0 |
_aRobotics _xMoral and ethical aspects. |
|
| 776 | 0 | 8 |
_iOnline version: _aCarpenter, Julie (Julie G.), 1969- _tNaked android _bFirst edition. _dBoca Raton, FL : Taylor and Francis, 2025 _z9781003170457 _w(DLC) 2024029139 |
| 906 |
_a7 _bcbc _corignew _d1 _eecip _f20 _gy-gencatlg |
||
| 942 |
_2lcc _cBK |
||
| 999 |
_c43908 _d43908 |
||